|
|
|
|
| LEADER |
00000nta a2200000 i 4500 |
| 001 |
dolg13083 |
| 005 |
20180301094924.0 |
| 008 |
171128suuuu hu om 000 hun d |
| 040 |
|
|
|a BGE Dolgozattár Repozitórium
|b hun
|
| 041 |
|
|
|a hu
|
| 100 |
1 |
|
|a Medvigy Léna
|
| 245 |
1 |
2 |
|a A papírmentes adminisztráció megvalósításának lehetőségei a budapesti Ritz-Carlton Hotel példáján keresztül
|c Medvigy Léna
|h [elektronikus dokumentum]
|
| 695 |
|
|
|a Fenntartható turizmus
|
| 695 |
|
|
|a Fenntarthatóság a szállodaiparban
|
| 700 |
1 |
|
|a Vidor Róbert
|e ths
|
| 856 |
4 |
0 |
|u http://dolgozattar.uni-bge.hu/13083/1/Medvigy%20L%C3%A9na_szakdolgozat.pdf
|z Dokumentum-elérés
|